[Event "Deutsche Schnellschachmeisterschaft 201"]
[Site "Gladenbach"]
[Date "2013.09.28"]
[Round "1.1"]
[White "Ortmann, David"]
[Black "Kraemer, Martin"]
[Result "1/2-1/2"]
[WhiteElo "2308"]
[BlackElo "2542"]
[PlyCount "82"]
[EventDate "2013.09.??"]
[EventType "swiss (rapid)"]
[EventRounds "9"]
[EventCountry "GER"]
[WhiteClock "0:06:45"]
[BlackClock "0:04:04"]

1. Nf3 Nf6 2. c4 b6 3. g3 Bb7 4. Bg2 g6 5. O-O Bg7 6. Nc3 O-O 7. Re1 Ne4 8.
Nxe4 Bxe4 9. d3 Bb7 10. e4 c5 11. d4 cxd4 12. Nxd4 d6 13. Be3 Nd7 14. Qd2 Rc8
15. b3 Nc5 16. f3 a6 17. Rad1 Qc7 18. Bh3 Rb8 19. Rc1 Rfd8 20. Red1 Bc8 21.
Bxc8 Rdxc8 22. b4 Nd7 23. b5 Ra8 24. Nc6 Ne5 25. Nxe5 Bxe5 26. Qf2 Rab8 27. a4
Qb7 28. Kg2 Rf8 29. Qd2 Rfc8 30. Rc2 Rc7 31. Rdc1 Bg7 32. Qd5 Qc8 33. a5 bxa5
34. b6 Rc6 35. Qxa5 e6 36. Qa4 Bf8 37. Ra2 Ra8 38. Qb3 Qb7 39. Rca1 Be7 40. Ra4
Bd8 41. Rb4 Rb8 1/2-1/2

[Event "Deutsche Schnellschachmeisterschaft 201"]
[Site "Gladenbach"]
[Date "2013.09.28"]
[Round "1.2"]
[White "Glek, Igor"]
[Black "Schenderowitsch, Michael"]
[Result "1-0"]
[WhiteElo "2460"]
[BlackElo "2300"]
[PlyCount "187"]
[EventDate "2013.09.??"]
[EventType "swiss (rapid)"]
[EventRounds "9"]
[EventCountry "GER"]
[WhiteClock "0:01:55"]
[BlackClock "0:00:22"]

1. e4 e6 2. f4 d5 3. e5 c5 4. Nf3 Nc6 5. c3 Nh6 6. Na3 f6 7. Nc2 Nf7 8. d4 Qb6
9. Bd3 cxd4 10. cxd4 Nb4 11. Nxb4 Bxb4+ 12. Bd2 Bd7 13. Bxb4 Qxb4+ 14. Qd2
Qxd2+ 15. Kxd2 O-O 16. Rac1 Rac8 17. Rxc8 Rxc8 18. Rc1 Rxc1 19. Kxc1 f5 20. h3
g6 21. Kd2 Kf8 22. g4 Nh6 23. gxf5 gxf5 24. Ng5 Kg7 25. Ke3 Ng8 26. Nf3 Ne7 27.
Ng1 Kh6 28. Be2 Kg7 29. Nf3 h6 30. Nd2 Ba4 31. b3 Bd7 32. Nb1 Be8 33. Nc3 Bd7
34. b4 Be8 35. a4 Bd7 36. a5 Kf7 37. b5 b6 38. Bh5+ Kg7 39. a6 Kf8 40. Kf2 Kg7
41. Kg3 Kf8 42. Be2 Kg7 43. Na4 Nc8 44. Kf2 Kf8 45. Ke3 Be8 46. Kd2 Ke7 47. Kc3
Kd7 48. Kb4 Kc7 49. Nc3 Ne7 50. Bf3 Bf7 51. Ne2 Kd7 52. Kc3 Ke8 53. Kd2 Kf8 54.
Ke3 Be8 55. Nc3 Bd7 56. Bh5 Kg7 57. Kd2 Kf8 58. Kc2 Nc8 59. Kb3 Ke7 60. Kb4 Kd8
61. Ne2 Ke7 62. Ng3 Kf8 63. Bg6 Kg7 64. Nh5+ Kxg6 65. Nf6 Kf7 66. Nxd7 Ke7 67.
Nb8 Kf7 68. Nc6 Kf8 69. Kc3 Kf7 70. Kd2 Kf8 71. Ke3 Kf7 72. Kf3 Kf8 73. Kg3 Kf7
74. Kh4 Kf8 75. Kh5 Kg7 76. Nd8 Kh7 77. Nxe6 Ne7 78. Kh4 Kg6 79. Nd8 Kg7 80.
Nc6 Nc8 81. Kh5 Kh7 82. e6 Kg7 83. e7 Kf7 84. Kxh6 Nd6 85. Nxa7 Ke8 86. Kg5 Kd7
87. Kf6 Ne4+ 88. Kxf5 Nd6+ 89. Ke5 Ne8 90. Nc6 Nc7 91. a7 Ke8 92. f5 Kf7 93. f6
Ke8 94. h4 1-0

[Event "Deutsche Schnellschachmeisterschaft 201"]
[Site "Gladenbach"]
[Date "2013.09.28"]
[Round "1.3"]
[White "Zimmermann, Julian"]
[Black "Poetsch, Hagen"]
[Result "1/2-1/2"]
[WhiteElo "2306"]
[BlackElo "2468"]
[PlyCount "131"]
[EventDate "2013.09.??"]
[EventType "swiss (rapid)"]
[EventRounds "9"]
[EventCountry "GER"]
[WhiteClock "0:00:12"]
[BlackClock "0:00:39"]

1. e4 e6 2. d4 d5 3. Nc3 Nf6 4. e5 Nfd7 5. f4 c5 6. Nf3 Nc6 7. Be3 a6 8. Qd2
Qb6 9. O-O-O Qa5 10. dxc5 Nxc5 11. Kb1 b5 12. Bd3 Bd7 13. Nd4 Nxd4 14. Bxd4 b4
15. Ne2 Nxd3 16. cxd3 Be7 17. f5 exf5 18. e6 fxe6 19. Bxg7 Rg8 20. Qh6 O-O-O
21. Nd4 Kb7 22. Rhe1 Rc8 23. Qxh7 b3 24. Nxb3 Qa4 25. Rc1 Qb5 26. Bd4 Rge8 27.
Rxc8 Kxc8 28. Qh3 Bd6 29. Be5 Bxe5 30. Rxe5 Qb4 31. Qe3 Kb8 32. Nc5 Bc8 33. a3
Qb5 34. Qd4 Rg8 35. Nxe6 Rxg2 36. Rxd5 Qb3 37. Qf4+ Ka8 38. Nc7+ Kb7 39. Rb5+
axb5 40. Qf3+ Kxc7 41. Qxg2 Qxd3+ 42. Kc1 Qe3+ 43. Kb1 Qe1+ 44. Kc2 Bb7 45.
Qg7+ Kb6 46. Qd4+ Kc6 47. Qf6+ Kc7 48. Qf7+ Kb8 49. Qf8+ Bc8 50. Qd6+ Kb7 51.
Qd5+ Kc7 52. Qc5+ Kd8 53. Qxb5 Qe4+ 54. Qd3+ Ke7 55. Qxe4+ fxe4 56. b4 Bd7 57.
Kc3 Kf6 58. Kd4 Kf5 59. Ke3 Ke5 60. h4 Be8 61. Kd2 Kd4 62. a4 Bxa4 63. h5 Be8
64. b5 Kc5 65. Ke3 Bxh5 66. Kxe4 1/2-1/2

[Event "Deutsche Schnellschachmeisterschaft 201"]
[Site "Gladenbach"]
[Date "2013.09.28"]
[Round "1.5"]
[White "Spivak, Ilja"]
[Black "Spiess, Gunter"]
[Result "1/2-1/2"]
[WhiteElo "2344"]
[BlackElo "2429"]
[PlyCount "24"]
[EventDate "2013.09.??"]
[EventType "swiss (rapid)"]
[EventRounds "9"]
[EventCountry "GER"]
[WhiteClock "0:17:43"]
[BlackClock "0:17:43"]

1. e4 e6 2. d4 d5 3. Nc3 Nf6 4. Bg5 dxe4 5. Nxe4 Be7 6. Bxf6 gxf6 7. Qd2 f5 8.
Nc3 Bf6 9. O-O-O c5 10. d5 O-O 11. h4 Kh8 12. Nf3 Qa5 1/2-1/2

[Event "Deutsche Schnellschachmeisterschaft 201"]
[Site "Gladenbach"]
[Date "2013.09.28"]
[Round "1.6"]
[White "Carow, Johannes"]
[Black "Vatter, Hans-Joachim"]
[Result "0-1"]
[WhiteElo "2375"]
[BlackElo "2288"]
[PlyCount "60"]
[EventDate "2013.09.??"]
[EventType "swiss (rapid)"]
[EventRounds "9"]
[EventCountry "GER"]
[WhiteClock "0:09:35"]
[BlackClock "0:18:11"]

1. d4 d6 2. c4 e5 3. Nf3 Bg4 4. Nbd2 Nd7 5. g3 c6 6. Bg2 Ngf6 7. O-O Be7 8. b3
O-O 9. Bb2 e4 10. Ne1 d5 11. Nc2 Re8 12. f3 exf3 13. exf3 Be6 14. c5 Nf8 15. b4
Qd7 16. Nb3 Bh3 17. Bxh3 Qxh3 18. Na5 Qd7 19. Qd3 Bd8 20. Nb3 Bc7 21. a4 Qh3
22. Rf2 Re7 23. Re1 Rae8 24. Rxe7 Rxe7 25. Bc3 h5 26. Ne3 g6 27. Ng2 h4 28.
Nxh4 Bxg3 29. hxg3 Qxg3+ 30. Ng2 Ng4 0-1

[Event "Deutsche Schnellschachmeisterschaft 201"]
[Site "Gladenbach"]
[Date "2013.09.28"]
[Round "2.1"]
[White "Lang, Torsten"]
[Black "Glek, Igor"]
[Result "1/2-1/2"]
[WhiteElo "2332"]
[BlackElo "2460"]
[PlyCount "132"]
[EventDate "2013.09.??"]
[EventType "swiss (rapid)"]
[EventRounds "9"]
[EventCountry "GER"]
[WhiteClock "0:00:12"]
[BlackClock "0:00:15"]

1. d4 Nf6 2. Nf3 g6 3. Bf4 d6 4. h3 Bg7 5. e3 O-O 6. Be2 c5 7. O-O Qb6 8. Qc1
Nc6 9. c3 Nd5 10. Bh2 cxd4 11. exd4 Bf5 12. Na3 Rac8 13. Nc4 Qd8 14. Qd2 Nf6
15. Ne3 Bh6 16. Rfe1 Nd5 17. Bd3 Bxd3 18. Qxd3 Nf6 19. d5 Nb8 20. Ng4 Nxg4 21.
hxg4 Nd7 22. g5 Bg7 23. Qe3 Re8 24. Rad1 Qa5 25. a3 Nb6 26. Qd3 Na4 27. Re2 Qb6
28. Rdd2 Nc5 29. Qe3 e5 30. dxe6 Rxe6 31. Qf4 d5 32. Bg3 Ne4 33. Rc2 Rce8 34.
Re3 Qb3 35. Rce2 Nxg3 36. fxg3 Qb6 37. Nd4 Be5 38. Rxe5 Rxe5 39. Rxe5 Rxe5 40.
Qxe5 Qxb2 41. Nf3 Qxa3 42. Qxd5 Qxc3 43. Qxb7 a5 44. Qb8+ Kg7 45. Qe5+ Qxe5 46.
Nxe5 f6 47. gxf6+ Kxf6 48. Nc4 a4 49. Kf2 h5 50. Kf3 Kf5 51. Ke3 Kg4 52. Kf2
Kf5 53. Kf3 g5 54. Ke3 Kg4 55. Kf2 Kf5 56. Kf3 g4+ 57. Ke3 Kg5 58. Ke4 Kf6 59.
Kf4 Kg6 60. Ke4 Kf6 61. Kd4 Ke6 62. Ne3 a3 63. Nc2 a2 64. Na1 Kd6 65. Nb3 Ke6
66. Na1 Kd6 1/2-1/2

[Event "Deutsche Schnellschachmeisterschaft 201"]
[Site "Gladenbach"]
[Date "2013.09.28"]
[Round "2.2"]
[White "Zelbel, Patrick"]
[Black "Vatter, Hans-Joachim"]
[Result "1/2-1/2"]
[WhiteElo "2393"]
[BlackElo "2288"]
[PlyCount "43"]
[EventDate "2013.09.??"]
[EventType "swiss (rapid)"]
[EventRounds "9"]
[EventCountry "GER"]
[WhiteClock "0:11:03"]
[BlackClock "0:20:04"]

1. e4 d5 2. exd5 Qxd5 3. Nc3 Qd6 4. d4 Nf6 5. Nf3 c6 6. Ne5 Nbd7 7. Nc4 Qc7 8.
Qf3 Nb6 9. Ne5 Be6 10. Bf4 Nbd5 11. Bg3 Qa5 12. Nc4 Qd8 13. Nxd5 Bxd5 14. Qe3
Bxc4 15. Bxc4 e6 16. O-O Be7 17. Rfe1 O-O 18. Rad1 Bd6 19. Be5 Nd5 20. Qg3 Bxe5
21. Qxe5 Qf6 22. Qxf6 1/2-1/2

[Event "Deutsche Schnellschachmeisterschaft 201"]
[Site "Gladenbach"]
[Date "2013.09.28"]
[Round "2.3"]
[White "Matthey, Harald"]
[Black "Margolin, Boris"]
[Result "1-0"]
[WhiteElo "2233"]
[BlackElo "2419"]
[Annotator "Hoppe,Frank"]
[PlyCount "37"]
[EventDate "2013.09.??"]
[EventType "swiss (rapid)"]
[EventRounds "9"]
[EventCountry "GER"]
[WhiteClock "0:09:43"]
[BlackClock "0:07:58"]

1. d4 Nf6 2. c4 d6 3. Nf3 Nbd7 4. Nc3 c6 5. g3 e5 6. Bg2 Be7 7. O-O O-O 8. b3
Re8 9. a4 e4 10. Ne1 d5 11. c5 b6 12. b4 a5 13. b5 Bb7 14. cxb6 Nxb6 15. Nc2
Bb4 16. Bd2 Nc4 17. Be1 c5 18. Rb1 Qb6 19. e3 {Datenverlust nach der
Live-Übertragung, deshalb fehlen die weiteren Züge.} 1-0

[Event "Deutsche Schnellschachmeisterschaft 201"]
[Site "Gladenbach"]
[Date "2013.09.28"]
[Round "2.4"]
[White "Donchenko, Anatoli"]
[Black "Kaulfuss, Helmut"]
[Result "1-0"]
[WhiteElo "2467"]
[BlackElo "2141"]
[PlyCount "91"]
[EventDate "2013.09.??"]
[EventType "swiss (rapid)"]
[EventRounds "9"]
[EventCountry "GER"]
[WhiteClock "0:08:15"]
[BlackClock "0:12:22"]

1. Nf3 Nc6 2. c4 d6 3. Nc3 g6 4. d4 Bg7 5. d5 Nb8 6. e4 e5 7. dxe6 Bxe6 8. Be2
Nc6 9. O-O Nge7 10. Nd5 O-O 11. Rb1 a5 12. b3 Re8 13. Bg5 Bxd5 14. cxd5 Nb4 15.
Qd2 b6 16. a3 Na6 17. b4 axb4 18. axb4 Nb8 19. Bb5 Rf8 20. Nd4 Bxd4 21. Qxd4
Nd7 22. f4 f6 23. Bxd7 Qxd7 24. Bxf6 Rae8 25. Rbe1 Rf7 26. Bg5 c5 27. dxc6 Nxc6
28. Qc4 Rc8 29. Rc1 Na7 30. Qd5 Re8 31. Rfd1 Qe6 32. Bh6 Rfe7 33. Qxd6 Qxe4 34.
Qxb6 Rb7 35. Qd4 Nb5 36. Qc4+ Qxc4 37. Rxc4 Kf7 38. h3 Na3 39. Rc3 Nb5 40. Rcd3
Ree7 41. Bg5 Re4 42. Rd7+ Rxd7 43. Rxd7+ Kg8 44. Bh6 Rxb4 45. Rg7+ Kh8 46. Rf7
1-0

[Event "Deutsche Schnellschachmeisterschaft 201"]
[Site "Gladenbach"]
[Date "2013.09.28"]
[Round "2.5"]
[White "Haeussler, Phillip"]
[Black "Panzalovic, Srdjan"]
[Result "0-1"]
[WhiteElo "2111"]
[BlackElo "2459"]
[PlyCount "40"]
[EventDate "2013.09.??"]
[EventType "swiss (rapid)"]
[EventRounds "9"]
[EventCountry "GER"]
[WhiteClock "0:08:25"]
[BlackClock "0:08:31"]

1. b3 e5 2. Bb2 Nc6 3. e3 Nf6 4. Bb5 d6 5. d4 exd4 6. exd4 d5 7. Nf3 Bb4+ 8. c3
Bd6 9. O-O O-O 10. h3 Ne7 11. Ba3 Bxa3 12. Nxa3 Ng6 13. Bd3 Nf4 14. Qd2 N6h5
15. Rfe1 Qf6 16. Re5 Nxd3 17. Qxd3 Nf4 18. Qe3 c6 19. Re1 Bd7 20. Nb1 Ng6 0-1

[Event "Deutsche Schnellschachmeisterschaft 201"]
[Site "Gladenbach"]
[Date "2013.09.28"]
[Round "2.6"]
[White "Kraemer, Martin"]
[Black "Zimmermann, Julian"]
[Result "1-0"]
[WhiteElo "2542"]
[BlackElo "2306"]
[PlyCount "51"]
[EventDate "2013.09.??"]
[EventType "swiss (rapid)"]
[EventRounds "9"]
[EventCountry "GER"]
[WhiteClock "0:10:37"]
[BlackClock "0:08:32"]

1. d4 Nf6 2. c4 g6 3. Nc3 Bg7 4. e4 d6 5. Nf3 O-O 6. Be2 Bg4 7. Be3 Nfd7 8. Qd2
c5 9. d5 Qa5 10. Rc1 Bxf3 11. gxf3 Na6 12. h4 Rfe8 13. h5 e6 14. hxg6 fxg6 15.
Nb5 Qxd2+ 16. Kxd2 exd5 17. cxd5 Bf8 18. a3 Ne5 19. Rh3 Nf7 20. Rch1 h6 21. Rg1
Kh7 22. f4 Rxe4 23. Bd3 Rae8 24. Nc3 R4e7 25. Rxg6 Kh8 26. Rhg3 1-0

[Event "Deutsche Schnellschachmeisterschaft 201"]
[Site "Gladenbach"]
[Date "2013.09.28"]
[Round "3.1"]
[White "Matthey, Harald"]
[Black "Donchenko, Anatoli"]
[Result "1/2-1/2"]
[WhiteElo "2233"]
[BlackElo "2467"]
[PlyCount "40"]
[EventDate "2013.09.??"]
[EventType "swiss (rapid)"]
[EventRounds "9"]
[EventCountry "GER"]
[WhiteClock "0:11:21"]
[BlackClock "0:16:32"]

1. d4 d5 2. Nf3 Nf6 3. c4 dxc4 4. Qa4+ Nbd7 5. g3 a6 6. Qxc4 b5 7. Qc2 Bb7 8.
Bg2 e6 9. O-O c5 10. Nc3 Rc8 11. Qd1 Be7 12. dxc5 Bxc5 13. Bf4 O-O 14. Bd6 Bxd6
15. Qxd6 Qc7 16. Rfd1 h6 17. a3 Nb6 18. Ne5 Bxg2 19. Qxc7 Rxc7 20. Kxg2 Nfd5
1/2-1/2

[Event "Deutsche Schnellschachmeisterschaft 201"]
[Site "Gladenbach"]
[Date "2013.09.28"]
[Round "3.2"]
[White "Vatter, Hans-Joachim"]
[Black "Kraemer, Martin"]
[Result "1-0"]
[WhiteElo "2288"]
[BlackElo "2542"]
[PlyCount "44"]
[EventDate "2013.09.??"]
[EventType "swiss (rapid)"]
[EventRounds "9"]
[EventCountry "GER"]
[WhiteClock "0:18:45"]
[BlackClock "0:17:41"]

1. e4 c5 2. Nf3 d6 3. d4 cxd4 4. Qxd4 Nc6 5. Bb5 Bd7 6. Bxc6 Bxc6 7. Nc3 Nf6 8.
Bg5 e6 9. O-O-O Be7 10. Qd3 Qa5 11. Bh4 O-O 12. Nd4 Rac8 13. Kb1 Qh5 14. Bg3
Rfd8 15. Rhe1 Qa5 16. f4 d5 17. e5 Ne4 18. Nxc6 Nxc3+ 19. Qxc3 Qxc3 20. Nxe7+
Kf8 21. bxc3 Kxe7 22. Bh4+ f6 1-0

[Event "Deutsche Schnellschachmeisterschaft 201"]
[Site "Gladenbach"]
[Date "2013.09.28"]
[Round "3.3"]
[White "Glek, Igor"]
[Black "Nuber, Korbinian"]
[Result "1-0"]
[WhiteElo "2460"]
[BlackElo "2270"]
[PlyCount "75"]
[EventDate "2013.09.??"]
[EventType "swiss (rapid)"]
[EventRounds "9"]
[EventCountry "GER"]
[BlackClock "0:25:05"]

1. e4 e6 2. f4 d5 3. e5 c5 4. Nf3 Nc6 5. c3 Qb6 6. Na3 f6 7. Nc2 c4 8. d3 cxd3
9. Bxd3 Nh6 10. Qe2 Nf7 11. Ncd4 Bc5 12. Nb3 O-O 13. Nxc5 Qxc5 14. Be3 Qe7 15.
O-O Bd7 16. Bd4 fxe5 17. fxe5 Nxd4 18. Nxd4 Nh6 19. Qh5 Rxf1+ 20. Rxf1 Rf8 21.
Rxf8+ Qxf8 22. Qh4 g6 23. h3 a6 24. Nf3 Bc8 25. Ng5 Kg7 26. Kh2 Bd7 27. a4 Qe7
28. Qg3 Be8 29. a5 Nf7 30. Nxh7 Nxe5 31. Qxe5+ Kxh7 32. Kg3 Qf7 33. h4 Kg8 34.
Be2 Kh7 35. Bg4 Bd7 36. Qc7 Be8 37. Qxf7+ Bxf7 38. Kf4 1-0

[Event "Deutsche Schnellschachmeisterschaft 201"]
[Site "Gladenbach"]
[Date "2013.09.28"]
[Round "3.4"]
[White "Panzalovic, Srdjan"]
[Black "Lang, Torsten"]
[Result "1-0"]
[WhiteElo "2459"]
[BlackElo "2332"]
[PlyCount "139"]
[EventDate "2013.09.??"]
[EventType "swiss (rapid)"]
[EventRounds "9"]
[EventCountry "GER"]
[WhiteClock "0:02:34"]
[BlackClock "0:00:24"]

1. Nf3 g6 2. d4 Bg7 3. c4 Nf6 4. Nc3 O-O 5. e4 d6 6. Be2 e5 7. O-O exd4 8. Nxd4
Re8 9. f3 c6 10. Kh1 Nbd7 11. Nb3 Ne5 12. Bg5 h6 13. Bh4 g5 14. Bf2 Nh5 15. g3
Qf6 16. Nd4 Bh3 17. Re1 Bf8 18. Rc1 Ng7 19. Qc2 Rad8 20. b3 a6 21. Qd1 Ne6 22.
Bf1 Nxd4 23. Bxd4 Qxf3+ 24. Qxf3 Nxf3 25. Bb6 Nxe1 26. Bxh3 Nd3 27. Rd1 Ne5 28.
Bxd8 Rxd8 29. Bf5 Be7 30. Kg2 b5 31. cxb5 axb5 32. a4 b4 33. Ne2 c5 34. a5 Nc6
35. a6 Bf6 36. e5 dxe5 37. Rxd8+ Bxd8 38. Be4 Na7 39. g4 Kf8 40. Bd5 Ke7 41.
Ng3 f6 42. Nf5+ Kd7 43. Kf3 Bb6 44. Ne3 Nb5 45. Nc4 Ba7 46. Ke4 Nd4 47. Ne3 Kc7
48. Bc4 Kc6 49. Nd5 Bb8 50. Nxf6 Kd6 51. Ng8 Nc6 52. Nxh6 Na5 53. Nf7+ Kc6 54.
Bd5+ Kb6 55. Nxg5 c4 56. Bxc4 Nxc4 57. bxc4 b3 58. Kd3 e4+ 59. Nxe4 Bxh2 60.
Kc3 Kxa6 61. Kxb3 Kb6 62. g5 Kc6 63. g6 Be5 64. Kb4 Bd4 65. c5 Be5 66. Kc4 Bb2
67. Nd6 Be5 68. Nb5 Bg7 69. Nd4+ Kd7 70. Kd5 {Kd6+ [%clk 0:25:05]} 1-0

[Event "Deutsche Schnellschachmeisterschaft 201"]
[Site "Gladenbach"]
[Date "2013.09.28"]
[Round "3.5"]
[White "Ulms, Sandra"]
[Black "Zelbel, Patrick"]
[Result "0-1"]
[WhiteElo "2123"]
[BlackElo "2393"]
[PlyCount "74"]
[EventDate "2013.09.??"]
[EventType "swiss (rapid)"]
[EventRounds "9"]
[EventCountry "GER"]
[WhiteClock "0:05:55"]
[BlackClock "0:03:31"]

1. d4 Nf6 2. c4 e6 3. Nf3 b6 4. a3 Ba6 5. Qc2 Bb7 6. Nc3 c5 7. e4 cxd4 8. Nxd4
Bc5 9. Nb3 Nc6 10. f3 Nh5 11. Nxc5 bxc5 12. Be3 Qe7 13. Qf2 d6 14. Be2 Nf6 15.
O-O e5 16. Nd5 Nxd5 17. cxd5 Nd4 18. Bxd4 exd4 19. Bb5+ Kf8 20. Rae1 g6 21. Bc4
Kg7 22. f4 f6 23. b4 Qc7 24. bxc5 Qxc5 25. Rc1 Rac8 26. Rb1 Rc7 27. Bd3 Qc3 28.
Rfd1 Re8 29. h3 Ree7 30. Kh2 Qxa3 31. Qxd4 Qc5 32. Qa1 Qe3 33. Kh1 Qxf4 34.
Qxa7 Bxd5 35. Qd4 Bxe4 36. Bxe4 Rxe4 37. Qxd6 Re1+ 0-1

[Event "Deutsche Schnellschachmeisterschaft 201"]
[Site "Gladenbach"]
[Date "2013.09.28"]
[Round "3.6"]
[White "Spivak, Ilja"]
[Black "Poetsch, Hagen"]
[Result "0-1"]
[WhiteElo "2344"]
[BlackElo "1716"]
[PlyCount "90"]
[EventDate "2013.09.??"]
[EventType "swiss (rapid)"]
[EventRounds "9"]
[EventCountry "GER"]
[WhiteClock "0:00:14"]
[BlackClock "0:00:34"]

1. e4 Nc6 2. Nc3 Nf6 3. g3 d5 4. exd5 Nxd5 5. Bg2 Nb6 6. Nf3 e5 7. O-O Bd6 8.
d4 O-O 9. dxe5 Nxe5 10. Bf4 Nec4 11. Bxd6 Nxd6 12. b3 Bf5 13. Nd4 Bg6 14. Qf3
Qg5 15. Rfe1 Rfe8 16. h4 Qc5 17. Nce2 Nd7 18. Qc3 Qb6 19. Nf4 c5 20. Nf3 Ne4
21. Qb2 Bf5 22. Nd5 Qa5 23. Ne3 Bg6 24. Rad1 Ndf6 25. Nc4 Qc3 26. Ng5 Qxb2 27.
Nxb2 Nc3 28. Ra1 h6 29. Nh3 Rxe1+ 30. Rxe1 Bxc2 31. Bxb7 Rb8 32. Re7 Nxa2 33.
Nf4 Bxb3 34. Rc7 c4 35. Nd5 Nxd5 36. Bxd5 c3 37. Bxb3 Rxb3 38. Nd3 Rb1+ 39. Kg2
Rd1 40. Ne5 f6 41. Ng6 Rd2 42. h5 c2 43. Ne7+ Kf8 44. Ng6+ Ke8 45. Re7+ Kd8 0-1

[Event "Deutsche Schnellschachmeisterschaft 201"]
[Site "Gladenbach"]
[Date "2013.09.28"]
[Round "4.1"]
[White "Donchenko, Anatoli"]
[Black "Glek, Igor"]
[Result "0-1"]
[WhiteElo "2467"]
[BlackElo "2460"]
[PlyCount "100"]
[EventDate "2013.09.??"]
[EventType "swiss (rapid)"]
[EventRounds "9"]
[EventCountry "GER"]
[WhiteClock "0:02:54"]
[BlackClock "0:01:40"]

1. Nf3 d6 2. d4 Nf6 3. g3 c5 4. c4 cxd4 5. Nxd4 Nc6 6. Bg2 Bd7 7. Nc3 g6 8. O-O
Bg7 9. Nc2 O-O 10. b3 a6 11. Rb1 Rb8 12. a4 Na5 13. Ne3 Nc6 14. Bb2 a5 15. Ba1
Nb4 16. h3 Bc6 17. Qd2 Nd7 18. Rfd1 Nc5 19. Nc2 Nxc2 20. Qxc2 Qb6 21. e4 f5 22.
exf5 Rxf5 23. Nd5 Bxd5 24. Rxd5 Rxd5 25. Bxd5+ e6 26. Bxg7 Kxg7 27. Bg2 Rf8 28.
b4 axb4 29. Qb2+ Kf7 30. Qxb4 Qxb4 31. Rxb4 Ra8 32. Bxb7 Rxa4 33. Rxa4 Nxa4 34.
Kf1 Nc5 35. Bc6 Nb3 36. Bb5 Kf6 37. f4 Kf5 38. Kf2 Ke4 39. h4 Kd4 40. Bd7 Nc5
41. Bb5 e5 42. fxe5 dxe5 43. g4 e4 44. Ke2 Nd3 45. c5 Nxc5 46. g5 Nd3 47. Be8
Nf4+ 48. Kf2 e3+ 49. Kf3 e2 50. Kf2 Kd3 0-1

[Event "Deutsche Schnellschachmeisterschaft 201"]
[Site "Gladenbach"]
[Date "2013.09.28"]
[Round "4.2"]
[White "Vatter, Hans-Joachim"]
[Black "Panzalovic, Srdjan"]
[Result "1/2-1/2"]
[WhiteElo "2288"]
[BlackElo "2459"]
[PlyCount "24"]
[EventDate "2013.09.??"]
[EventType "swiss (rapid)"]
[EventRounds "9"]
[EventCountry "GER"]
[WhiteClock "0:25:03"]
[BlackClock "0:25:25"]

1. d4 d5 2. Nc3 c6 3. e4 dxe4 4. Nxe4 Bf5 5. Ng3 Bg6 6. Nf3 Nd7 7. h4 h6 8. h5
Bh7 9. Bd3 Bxd3 10. Qxd3 e6 11. Bd2 Ngf6 12. O-O-O Qc7 1/2-1/2

[Event "Deutsche Schnellschachmeisterschaft 201"]
[Site "Gladenbach"]
[Date "2013.09.28"]
[Round "4.3"]
[White "Zelbel, Patrick"]
[Black "Matthey, Harald"]
[Result "1-0"]
[WhiteElo "2393"]
[BlackElo "2233"]
[PlyCount "101"]
[EventDate "2013.09.??"]
[EventType "swiss (rapid)"]
[EventRounds "9"]
[EventCountry "GER"]
[WhiteClock "0:00:42"]
[BlackClock "0:00:40"]

1. e4 Nf6 2. e5 Nd5 3. d4 d6 4. c4 Nb6 5. exd6 exd6 6. Nc3 Be7 7. Bd3 O-O 8.
Nge2 Bg4 9. Be3 Nc6 10. b3 Bg5 11. Bxg5 Qxg5 12. Qd2 Qxd2+ 13. Kxd2 Rfe8 14. f3
Bh5 15. Nb5 Re7 16. Nf4 Bg6 17. Rhe1 Rd7 18. d5 Ne5 19. Bxg6 hxg6 20. c5 Nc8
21. c6 bxc6 22. dxc6 Nxc6 23. Re8+ Kh7 24. Rc1 a6 25. Rxc6 axb5 26. Kd3 Ne7 27.
Rxc7 Rxc7 28. Rxa8 g5 29. Ne2 Nc6 30. Nc3 Ne5+ 31. Kd2 Rc5 32. Rb8 g4 33. f4
Ng6 34. Rxb5 Rc6 35. g3 Nf8 36. Ne4 Nd7 37. Rb7 Nc5 38. Nxc5 dxc5 39. Rxf7 Rh6
40. Re7 Rxh2+ 41. Re2 Rh1 42. Kd3 Rg1 43. Re3 Kg6 44. Kc4 Rc1+ 45. Rc3 Ra1 46.
a4 Kf5 47. Re3 Rf1 48. Kxc5 Rf3 49. Kd4 Rf2 50. a5 Ra2 51. b4 1-0

[Event "Deutsche Schnellschachmeisterschaft 201"]
[Site "Gladenbach"]
[Date "2013.09.28"]
[Round "4.4"]
[White "Poetsch, Hagen"]
[Black "Kotter, Ralf"]
[Result "1-0"]
[WhiteElo "2468"]
[BlackElo "2359"]
[PlyCount "59"]
[EventDate "2013.09.??"]
[EventType "swiss (rapid)"]
[EventRounds "9"]
[EventCountry "GER"]
[WhiteClock "0:04:46"]
[BlackClock "0:01:13"]

1. e4 c5 2. Nf3 e6 3. Nc3 a6 4. d4 cxd4 5. Nxd4 Qc7 6. Bd3 Bc5 7. Nb3 Be7 8.
Qg4 g6 9. Qe2 d6 10. O-O Nc6 11. a4 b6 12. f4 Nf6 13. f5 gxf5 14. exf5 Ne5 15.
Bg5 Nfg4 16. Bxe7 Qxe7 17. fxe6 fxe6 18. Ne4 Qh4 19. h3 Ke7 20. hxg4 Nxg4 21.
g3 Qh5 22. Nd4 Bd7 23. Rae1 Rhg8 24. Nc3 Qc5 25. Qe4 Nf6 26. Qh4 Rxg3+ 27. Kh2
Rg5 28. Nf5+ Kf7 29. Qxg5 exf5 30. Bxf5 1-0

[Event "Deutsche Schnellschachmeisterschaft 201"]
[Site "Gladenbach"]
[Date "2013.09.28"]
[Round "4.5"]
[White "Haeussler, Phillip"]
[Black "Margolin, Boris"]
[Result "1/2-1/2"]
[WhiteElo "2111"]
[BlackElo "2419"]
[PlyCount "77"]
[EventDate "2013.09.??"]
[EventType "swiss (rapid)"]
[EventRounds "9"]
[EventCountry "GER"]
[WhiteClock "0:04:04"]
[BlackClock "0:01:26"]

1. b3 Nf6 2. Bb2 d5 3. e3 g6 4. f4 Bg7 5. Nf3 O-O 6. Be2 c5 7. O-O Nc6 8. Ne5
Bd7 9. Nxd7 Qxd7 10. Bb5 a6 11. Bxc6 Qxc6 12. d3 Qd7 13. Qe2 Rad8 14. Nd2 Ne8
15. Bxg7 Nxg7 16. e4 dxe4 17. Nxe4 b6 18. a4 a5 19. Nd2 Nf5 20. Nc4 Qc7 21.
Rae1 Rd7 22. Qf2 h5 23. Re5 e6 24. h3 h4 25. Rfe1 Rd4 26. Ne3 Nxe3 27. R1xe3
Qd8 28. Rg5 Kg7 29. Qxh4 Qf6 30. Rf3 Rd5 31. Qg3 Rxg5 32. fxg5 Qd4+ 33. Kh2 Rd8
34. Rf4 Qc3 35. Rc4 Qb2 36. Qc7 Rd5 37. Rf4 Rf5 38. Rxf5 gxf5 39. Qf4 1/2-1/2

[Event "Deutsche Schnellschachmeisterschaft 201"]
[Site "Gladenbach"]
[Date "2013.09.28"]
[Round "4.6"]
[White "Kraemer, Martin"]
[Black "Bode, Wilfried"]
[Result "1-0"]
[WhiteElo "2542"]
[BlackElo "2329"]
[PlyCount "141"]
[EventDate "2013.09.??"]
[EventType "swiss (rapid)"]
[EventRounds "9"]
[EventCountry "GER"]
[WhiteClock "0:02:27"]
[BlackClock "0:00:16"]

1. d4 g6 2. c4 Bg7 3. e4 d6 4. Nc3 e5 5. Nf3 Nc6 6. Bg5 f6 7. Be3 Nh6 8. h3 Nf7
9. Be2 O-O 10. O-O f5 11. dxe5 Nfxe5 12. Nxe5 dxe5 13. Qd5+ Kh8 14. Nb5 Nd4 15.
Bxd4 exd4 16. Qxd8 Rxd8 17. Nxc7 Rb8 18. Bd3 fxe4 19. Bxe4 Bd7 20. Nd5 b5 21.
b3 bxc4 22. bxc4 Rbc8 23. Rac1 Rc5 24. Nb4 Be6 25. Bd5 Bxd5 26. cxd5 Rc3 27.
Rfd1 Kg8 28. Nc6 Rd7 29. Rb1 Bf6 30. Rb5 Ra3 31. Nxd4 Rxa2 32. Ne6 Ra1 33. Rxa1
Bxa1 34. Kf1 Bc3 35. Ke2 a5 36. Kd3 Be1 37. Kc4 Kf7 38. Rb1 Bb4 39. Nd4 Kf6 40.
Nc6 Rc7 41. Rb3 Bd6 42. Rf3+ Kg7 43. Kb5 Rb7+ 44. Kxa5 Rb2 45. Nd4 Rd2 46. Ne6+
Kg8 47. Kb5 Rxd5+ 48. Kc4 Rd2 49. Ng5 Be7 50. Ne4 Rd7 51. Rb3 Kf7 52. Rb6 h6
53. g4 Kg7 54. f4 Kf7 55. Rc6 Ra7 56. Nc3 Ra1 57. Rc7 Kf8 58. Kd5 Ra5+ 59. Ke4
Ra3 60. Nd5 Bh4 61. Rc6 Kg7 62. Ne3 Bf2 63. Nc4 Rxh3 64. Ne5 Re3+ 65. Kd5 g5
66. f5 Bg3 67. f6+ Kh7 68. Rc7+ Kg8 69. Rg7+ Kf8 70. Ng6+ Ke8 71. f7+ 1-0